| 000 | 00430nam a2200145Ia 4500 | ||
|---|---|---|---|
| 008 | 230917s9999||||xx |||||||||||||| ||und|| | ||
| 040 |
_e194781 _aMAIN |
||
| 041 | _aEnglish | ||
| 082 | _a005.73 T721D | ||
| 100 | _aTremblay, Jean-Paul | ||
| 245 | 0 | _aData structures and software development in an object-oriented domain: Java edition | |
| 260 |
_aNew Delhi _bPearson Education _c2009 |
||
| 300 | _axxviii, 1169 p. | ||
| 942 | _cBK | ||
| 999 |
_c157825 _d157825 |
||